000 00349nam a2200133Ia 4500
008 220214s9999 xx 000 0 und d
022 _a0015-7163
245 0 _aForeign Agriculture
260 _bU S Dept of Agriculture
_aWashington
310 _aF
500 _aEnding Volume & Year: 1989,
500 _aStarting Volume & Year: 1979,
942 _cBJ
999 _c8059
_d8059